000 00333nam a2200133Ia 4500
003 GCL
008 140319s9999 xx 000 0 ara d
040 _aGCL /
_cGCL
082 0 4 _a810.8
_bا ل
100 1 _aاحمد تيمور
245 1 0 _aلعب العرب والمولدين /
_cاحمد تيمور
300 _a91 ص
490 _a
999 _c43323
_d43323